Irrigation, Water Power and Water Resources Engineering (Record no. 14120)
[ view plain ]
| 000 -LEADER | |
|---|---|
| fixed length control field | 00423nam a22001457a 4500 |
| 020 ## - INTERNATIONAL STANDARD BOOK NUMBER | |
| ISBN | 8180140075 |
| 082 ## - DEWEY DECIMAL CLASSIFICATION NUMBER | |
| Classification number | 631.587 |
| Item number | ARO/IR |
| 100 ## - MAIN ENTRY--AUTHOR NAME | |
| Personal name | Arora, K. R |
| 245 ## - TITLE STATEMENT | |
| Title | Irrigation, Water Power and Water Resources Engineering |
| 250 ## - EDITION STATEMENT | |
| Edition statement | 4 |
| 260 ## - PUBLICATION, DISTRIBUTION, ETC. (IMPRINT) | |
| Place of publication | New Delhi |
| Name of publisher | Standard Publishers Distributors |
| Year of publication | 2009 |
| 300 ## - PHYSICAL DESCRIPTION | |
| Number of Pages | 1106 |
| 650 ## - SUBJECT ADDED ENTRY--TOPICAL TERM | |
| Topical Term | Irrigation Engineering |
| -- | Water Resources |
| -- | Water Power |
| 942 ## - ADDED ENTRY ELEMENTS (KOHA) | |
| Koha item type | Books |
| Withdrawn status | Lost status | Damaged status | Collection code | Home library | Current library | Shelving location | Date acquired | Cost, normal purchase price | Full call number | Accession Number | Koha item type |
|---|---|---|---|---|---|---|---|---|---|---|---|
| KAUAET | KAUAET | Shelf- 13A | 07/07/2016 | 350.00 | 631.587 ARO/IR | 24957 | Books | ||||
| KAUAET | KAUAET | General Stacks | 31/01/2022 | 631.587 ARO/IR | 24068 | Books |
